50 films à remplir - 2025 - Statistiques

Statistiques générales
  • Ce quiz a été pris 300 fois
  • Le résultat moyen est 26 sur 50
Statistiques - réponses
Hint Réponse % Correct
Blanche-... Neige
88%
Lilo et ... Stitch
87%
... ou crève Marche
82%
... : De feu et de cendres Avatar
75%
La Femme de ... Ménage
75%
Un ... dans le Jura Ours
75%
Father Mother ... Brother Sister
73%
... Ans plus tard 28
72%
Une ... après l'autre Bataille
72%
... Abbey : Le Grand Final Downtown
72%
Bridget Jones : ... de lui Folle
71%
... Demon Hunters KPop
68%
... : Deuxième volet, partie 1 Kaamelott
66%
Ma mère, ... et Sylvie Vartan Dieu
65%
Les Quatre Fantastiques : ... pas Premiers
65%
God Save the ... Tuche
64%
... 2 Zootopie
63%
Valeur ... Sentimentale
62%
... au Pérou Paddington
61%
Le ... des forêts Chant
60%
Jurassic World : ... Renaissance
60%
Marty ... Supreme
60%
... (avec Michael B. Jordan et Michael B. Jordan) Sinners
59%
Wake up ... man: Une histoire à couteaux tirés Dead
58%
Mickey ... 17
57%
Chien ... 51
57%
The ... : Le flic de Los Angeles Rookie
57%
F... 1
55%
..., le film Minecraft
54%
... (film Netflix par Guillermo Del Toro) Frankenstein
50%
Mission: Impossible - The ... Reckoning Final
48%
Substitution - ... Her Back Bring
45%
Destination Finale : ... Bloodlines
43%
L'Agent ... Secret
43%
Tron: ... Ares
42%
Is This ... On? Thing
42%
... (avec Emma Stone en PDG kidnappée) Bugonia
38%
... Man Running
36%
Predator: ... Badlands
35%
...* Thunderbolts
34%
... 3 Insaisissables
33%
... (titre original : Weapons) Évanouis
31%
The ... Scheme Phoenician
29%
... Machine Smashing
29%
... My Love Die
28%
... (titre provisoire: ... Legacy) Superman
26%
La Guerre des ... Rose
25%
... et le Secret de la marmotte Hopper
23%
...: Deliver Me from Nowhere Springsteen
17%
... (avec Alisonbriedavefranco) Together
15%
Aucun quiz correspondant
Distribution des résultats
% des personnes avec chaque résultat
Percentile par nombre de réponses
Votre historique - résultats
Vous n’avez pas pris ce quiz